000 00652nam a22002297a 4500
005 20170124105928.0
010 _a152679
020 _c00.00
035 _a152679
037 _bCen Lib/Ret
040 _aDPL
_bEN
082 _a371.3
_bOLI
100 _aOliver, R.A.
_97542
245 _aEffective teaching :
_cby R.A.Oliver
_ba guide to general methods /
260 _aCanada
_bJ.M. Dent & Sons
_c1958
270 _bCanada
300 _aviii, 200p.
_c19cm(Hb)
500 _aIncludes bibliographical references and index
650 _aTeaching
_98075
650 _aLearning -- process
_97543
942 _2ddc
_cEN
_h371.3
_mOLI
999 _c123652
_d123652